000
00231nam a2200097Ia 4500
008
230915s9999 xx 000 0 und d
050
_a
PL 8704 .K5235 M314 2001
100
_a
MBERIA,KITHAKA
245
0
_a
KIFO KISIMANI
942
_c
BK
999
_c
176304
_d
176304